Responses for Show #2509 - Thursday, June 29, 1995

David Siegel game 3.

Contestants

[<< previous game]

Michael Culbertson, a U.S. Army sergeant major from Fort Meade, Maryland

James Caparas, a volunteer worker from Washington, D.C.

David Siegel, a paralegal from Los Angeles, California (whose 2-day cash winnings total $32,200)

[next game >>]

Jeopardy! Round responses

AUSTRIA
THE COMICS
ARCHITECTURE
20th CENTURY AMERICA
KINGLY NICKNAMES
ABBREV.
    $100 6
Vienna

David
    $100 8
Linus

David
    $100 1
flight

Michael
    $100 16
Warren Commission

David
    $100 21
Roy Rogers

James
    $100 29
Alaska

James
    $200 7
Nobel Peace Prize

James
    $200 9
Dagwood & Blondie

David
    $200 2
shingles

Triple Stumper
    $200 17
508

Triple Stumper
    $200 22
Billie Jean King

David
    $200 30
X

David
    $300 13
(Kurt) Waldheim

James
    $300 10
Popeye

David
    $300 3
mortar

David
    $300 18
Vietnam

David
    $300 23
Michael Milken

David
    $300 28
pluperfect

David
    $400 14
(James: What is Salzburg?)

Innsbruck

DavidJames
    $400 11
Hagar

James
    $400 4
(David: What is a pediment?)
(Alex: A what?)
(David: A [*].)
(Alex: You said pediment?)
(David: Okay.)
(Alex: Then I have to rule against you.)
(David: That's cool.)
(Alex: And since we now have the correct response we cannot go to James or Michael. We have to accept the first thing you say.)

pedestal

David
Triple Stumper
    $400 19
Upton Sinclair

James
    $400 24
James Brown

David
    $400 27
formerly known as

David
    $500 15
Hapsburgs

David
    $500 12
Shazam!

David
    $200 5
buttress

David
    $500 20
Shangri-La

Michael
    $500 25
(David: Who is is Andrew Jackson?)

Andrew Johnson

DavidJames
    $500 26
persona non grata

James

Scores at the first commercial break (after clue 15):

David James Michael
$2,200 $500 $100

Scores at the end of the Jeopardy! Round:

David James Michael
$3,900 $2,100 $600

Double Jeopardy! Round responses

WORLD GEOGRAPHY
MAMMALS
ENGLISH LITERATURE
GEMSTONES
CLASSICAL COMPOSERS
DECEMBER 3
    $200 25
Japan

Michael
    $200 16
tail

David
    $200 2
Jane Eyre

Michael
    $200 30
(Alex: Yes, Honest Abe.)

Lincoln

James
    $200 8
Mozart

David
    $200 1
Rajiv Gandhi

James
    $400 24
Australia

James
    $400 17
whale

David
    $400 6
Pride & Prejudice

Michael
    $400 29
diamond

David
    $400 9
Russia

David
    $400 3
Teddy Roosevelt

David
    $600 23
Oman

David
    $600 18
aardvark

Michael
    $600 13
The Picture of Dorian Gray

James
    $600 28
agate

James
    $600 10
(Johann Sebastian) Bach

David
    $600 4
Ohio

James
    $800 22
Antarctica

James
    $1,500 19
(Michael: I don't know.)

jaguar

Michael
    $2,000 14
Moll Flanders

James
    $800 27
Scotland

Michael
    $800 11
Igor Stravinsky

David
    $800 5
Illinois

James
    $1000 21
Tegucigalpa

David
    $1000 20
ungulates

James
    $1000 15
D.H. Lawrence

James
    $1000 26
(David: What is ruby?)

onyx

DavidMichael
    $1000 12
Villa-Lobos

James
    $1000 7
Dr. Christiaan Barnard

David

Scores at the end of the Double Jeopardy! Round:

David James Michael
$8,900 $11,300 $2,300

[wagering suggestions for these scores]

Final Jeopardy! Round responses

SHAKESPEARE & FILM
MichaelWhat is King Lear?
$2,295
DavidWhat is King Lear
$8,500
JamesWhat is Hamlet?
$7,001
King Lear

Final scores:

David James Michael
$17,400 $4,299 $4,595
3-day champion: $49,600 3rd place: Carey Limousine + Jeopardy! home game 2nd place: trip on TWA to Ponte Vedro Beach, Florida and stay at Marriott at Sawgrass Resort + Jeopardy! home game

Game dynamics:

Coryat scores:

David James Michael
$9,200 $10,100 $3,800
28 R
(including 1 DD),
3 W
20 R
(including 1 DD),
1 W
8 R,
1 W
(including 1 DD)

Combined Coryat: $23,100

[game clues] [game scores] [suggest correction]

Game tape date: 1995-02-14
The J! Archive is created by fans, for fans. Scraping, republication, monetization, and malicious use prohibited; this site may use cookies and collect identifying information. See terms. The Jeopardy! game show and all elements thereof, including but not limited to copyright and trademark thereto, are the property of Jeopardy Productions, Inc. and are protected under law. This website is not affiliated with, sponsored by, or operated by Jeopardy Productions, Inc. Join the discussion at JBoard.tv.